[Event "38th Nezhmetdinov Mem"]
[Site "Kazan RUS"]
[Date "2016.06.01"]
[Round "2.39"]
[White "Ambartsumova, Karina"]
[Black "Matskevich, Ivan"]
[Result "1-0"]
[WhiteTitle "WGM"]
[WhiteElo "2307"]
[BlackElo "1976"]
[WhiteFideId "4166299"]
[BlackFideId "34191930"]
[EventDate "2016.05.31"]

1. e4 c5 2. Nf3 d6 3. d4 cxd4 4. Nxd4 Nf6 5. Nc3 a6 6. Be3 e5 7. Nb3 Be6 8. h3
Be7 9. Qf3 b5 10. g4 Qc7 11. O-O-O Nfd7 12. Nd5 Bxd5 13. exd5 Nb6 14. Kb1 Nc4
15. Bc1 Nd7 16. Qe4 a5 17. f4 a4 18. Nd2 Nc5 19. Qf3 Nxd2+ 20. Bxd2 Rb8 21. a3
O-O 22. g5 exf4 23. Qxf4 Rfc8 24. Bc3 Nd7 25. Bd3 Qd8 26. Rdf1 Rxc3 27. Qxf7+
Kh8 28. bxc3 Ne5 29. Qf5 g6 30. Qe6 Bxg5 31. h4 Bxh4 32. Rxh4 Qxh4 33. Qxd6 Re8
34. Bxb5 Qe7 35. Qxe7 Rxe7 36. c4 Rb7 37. Kc1 Kg7 38. d6 Nf7 39. d7 Nd8 40. Re1
h5 41. Re8 Rb8 42. c5 h4 43. c6 h3 44. c7 h2 45. cxb8=Q h1=Q+ 46. Kb2 Qh4 47.
Qe5+ Kf7 48. Bc4+ 1-0

[Event "38th Nezhmetdinov Mem"]
[Site "Kazan RUS"]
[Date "2016.06.01"]
[Round "2.40"]
[White "Isaykin, Artem"]
[Black "Glukhov, Alexander"]
[Result "1-0"]
[WhiteElo "1973"]
[BlackElo "2286"]
[WhiteFideId "34165344"]
[BlackFideId "4178882"]
[EventDate "2016.05.31"]

1. e4 c5 2. Nc3 Nc6 3. f4 g6 4. Nf3 Bg7 5. Bc4 e6 6. f5 Nge7 7. fxe6 dxe6 8. d3
O-O 9. a3 a6 10. Ne2 Qd6 11. Bf4 e5 12. Be3 Nd4 13. c3 Nxf3+ 14. gxf3 Bh3 15.
Ng3 b5 16. Ba2 b4 17. Qe2 bxc3 18. bxc3 Kh8 19. Nf1 Rab8 20. Bc4 Be6 21. Qa2 Rb7
22. Nd2 Rfb8 23. Ke2 Rd7 24. Rhb1 Rbd8 25. Rd1 Nc6 26. Kf2 Na5 27. Bxe6 Qxe6 28.
Qxe6 fxe6 29. Bg5 Rb8 30. Ke2 h6 31. Be3 c4 32. Nxc4 Nxc4 33. dxc4 Rb2+ 34. Rd2
Rdxd2+ 35. Bxd2 Bf8 36. Kd3 Kg7 37. h3 Bc5 38. a4 g5 39. Be3 Bxe3 40. Kxe3 Kf6
41. c5 Ke7 42. Rd1 Ra2 43. c6 Rxa4 44. Rd7+ Ke8 45. Kd3 Ra1 46. Kc4 Rb1 47. Rd2
Rb8 48. Kc5 Rb5+ 49. Kd6 Rb6 50. c4 a5 51. c5 Ra6 52. Kc7 a4 53. Kb7 1-0

[Event "38th Nezhmetdinov Mem"]
[Site "Kazan RUS"]
[Date "2016.06.01"]
[Round "2.41"]
[White "Mirzaeva, Gulnara"]
[Black "Bezdenezhnyh, Pavel"]
[Result "0-1"]
[WhiteElo "1973"]
[BlackElo "2181"]
[WhiteFideId "24178780"]
[BlackFideId "24126845"]
[EventDate "2016.05.31"]

1. e4 c5 2. Nf3 e6 3. d4 cxd4 4. Nxd4 a6 5. Bd3 Bc5 6. Nb3 Ba7 7. O-O Nc6 8. c4
Nf6 9. Qe2 O-O 10. e5 Ne8 11. Rd1 f6 12. Qe4 g6 13. Bh6 Ng7 14. N1d2 Nxe5 15.
Nf3 Nf7 16. Bxg7 Kxg7 17. c5 d5 18. Qe2 Qe7 19. Rac1 Bd7 20. Bb1 Rfe8 21. Rc3
Rac8 22. Qc2 Ba4 23. Rc1 Rc7 24. h4 Rec8 25. h5 f5 26. hxg6 hxg6 27. Nfd4 Bxc5
28. Nxe6+ Qxe6 29. Nxc5 Rxc5 30. Qxa4 Rxc3 31. bxc3 Qe5 32. Qb4 b5 33. a3 Rc4
34. Qb2 Ng5 35. Ba2 Rh4 36. Qd2 Qh2+ 37. Kf1 Re4 0-1

[Event "38th Nezhmetdinov Mem"]
[Site "Kazan RUS"]
[Date "2016.06.01"]
[Round "2.42"]
[White "Galaktionov, Artem"]
[Black "Tretyakov, Stepan"]
[Result "0-1"]
[WhiteElo "2181"]
[BlackElo "1967"]
[WhiteFideId "24175471"]
[BlackFideId "24198820"]
[EventDate "2016.05.31"]

1. d4 Nf6 2. Nf3 e6 3. c4 b6 4. g3 Ba6 5. b3 Bb4+ 6. Bd2 Be7 7. Bg2 c6 8. Nc3 d5
9. Ne5 Nfd7 10. Nxd7 Qxd7 11. cxd5 cxd5 12. O-O Nc6 13. Bc1 Bf6 14. Be3 O-O 15.
Rc1 Rac8 16. Qd2 Rfd8 17. Rfd1 Qe7 18. g4 g5 19. Na4 h6 20. h4 gxh4 21. f4 Bg7
22. Bf2 Rd7 23. Qe1 Bf6 24. Rc3 Rdc7 0-1

[Event "38th Nezhmetdinov Mem"]
[Site "Kazan RUS"]
[Date "2016.06.01"]
[Round "2.43"]
[White "Ashrafzianov, Igor"]
[Black "Alekseeva, Irina"]
[Result "0-1"]
[WhiteElo "1962"]
[BlackElo "2177"]
[WhiteFideId "24122572"]
[BlackFideId "24178683"]
[EventDate "2016.05.31"]

1. d4 Nf6 2. Nf3 g6 3. g3 Bg7 4. c4 O-O 5. Nc3 c5 6. d5 d6 7. Bg2 e5 8. Qc2 Nh5
9. e4 f5 10. Bg5 Qb6 11. Qb3 Qc7 12. Nb5 Qd7 13. Bh3 h6 14. Bd2 a6 15. Nc3 Qf7
16. O-O-O b5 17. cxb5 axb5 18. Nxb5 Ra6 19. Nxd6 Rxd6 20. Qxb8 Qf6 21. Bc3 Qe7
22. Nd2 Bb7 23. Qa7 Ra6 24. d6 Rxd6 25. Qxc5 Rc8 26. Qb4 Kh8 27. Rhe1 Nf6 28. f3
Rc7 29. Bg2 fxe4 30. fxe4 Ng4 31. Nb3 Rxd1+ 32. Kxd1 Qd7+ 33. Kc1 h5 34. Rd1
Bh6+ 35. Nd2 Nf2 36. Bf1 Nxe4 37. Kb1 Nxc3+ 38. bxc3 Bxd2 39. Bc4 Be4+ 40. Kb2
Rb7 0-1

[Event "38th Nezhmetdinov Mem"]
[Site "Kazan RUS"]
[Date "2016.06.01"]
[Round "2.44"]
[White "Voinikonis, Nikita"]
[Black "Tishova, Svetlana"]
[Result "1/2-1/2"]
[WhiteElo "2168"]
[BlackElo "1946"]
[WhiteFideId "34187500"]
[BlackFideId "24173550"]
[EventDate "2016.05.31"]

1. e4 c6 2. d4 d5 3. Nc3 dxe4 4. Nxe4 Nd7 5. Bc4 Ngf6 6. Ng5 e6 7. Qe2 Nb6 8.
Bb3 h6 9. N5f3 Bd6 10. Ne5 Qc7 11. Ngf3 O-O 12. O-O Nbd7 13. Nc4 Be7 14. Nfe5 b5
15. Nxd7 Nxd7 16. Ne3 Nf6 17. Rd1 a6 18. c4 e5 19. d5 cxd5 20. cxd5 Bd6 21. Bd2
Bd7 22. Rac1 Qb7 23. Ba5 Rac8 24. Nc2 Rfe8 25. a3 Bc5 26. Ne3 Bd6 27. Bb4 Bxb4
28. axb4 Rxc1 29. Rxc1 Ne4 30. Qd3 Nd6 31. Rc5 Qb6 32. Qc2 Rc8 33. Qc3 f6 34.
Bc2 Kf7 35. Rxc8 Bxc8 36. Qc5 Qd8 37. Nf1 Nb7 38. Qc6 Qd7 39. Qc3 Kf8 40. Nd2
Nd6 41. Qc5 Kf7 42. Qc3 Kf8 1/2-1/2

[Event "38th Nezhmetdinov Mem"]
[Site "Kazan RUS"]
[Date "2016.06.01"]
[Round "2.45"]
[White "Asafiev, Ignat"]
[Black "Smougalev, Gennady"]
[Result "0-1"]
[BlackTitle "FM"]
[WhiteElo "1880"]
[BlackElo "2161"]
[WhiteFideId "34142573"]
[BlackFideId "4122410"]
[EventDate "2016.05.31"]

1. d4 d5 2. c4 e6 3. Nc3 c6 4. cxd5 exd5 5. Qc2 g6 6. e3 Bf5 7. Bd3 Bxd3 8. Qxd3
Bg7 9. Nf3 Nd7 10. O-O Ne7 11. b4 O-O 12. b5 c5 13. a4 Re8 14. Ba3 Rc8 15. Rac1
c4 16. Qc2 Nf8 17. Rfd1 Ne6 18. Ne5 Nf5 19. Ra1 Nh4 20. f4 f6 21. Ng4 Nf5 22.
Re1 Qd7 23. Rad1 Rcd8 24. a5 Nc7 25. b6 axb6 26. axb6 Nb5 27. Nxb5 Qxb5 28. Rb1
Qd7 29. Qc3 Nxd4 30. Nxf6+ Bxf6 31. exd4 Qf5 32. Rxe8+ Rxe8 33. Rf1 Re4 34. Bc5
Rxf4 35. Re1 Qd3 36. Qxd3 cxd3 37. Rd1 Bxd4+ 38. Bxd4 Rxd4 39. Kf2 Kf7 40. Ke3
Rb4 41. Rxd3 Ke6 42. Rd1 Rxb6 0-1

[Event "38th Nezhmetdinov Mem"]
[Site "Kazan RUS"]
[Date "2016.06.01"]
[Round "2.46"]
[White "Parnali, S Dharia"]
[Black "Shaidullin, Askar"]
[Result "1-0"]
[WhiteTitle "WIM"]
[WhiteElo "2160"]
[BlackElo "1934"]
[WhiteFideId "5043131"]
[BlackFideId "34159662"]
[EventDate "2016.05.31"]

1. c4 e5 2. Nc3 Nf6 3. g3 c6 4. d4 exd4 5. Qxd4 Be7 6. Bg2 O-O 7. Bf4 Na6 8. e4
Bc5 9. Qd2 d6 10. Nge2 Be6 11. b3 Qe7 12. O-O Rfd8 13. Rad1 Rd7 14. Rfe1 Rad8
15. Nd4 Bxd4 16. Qxd4 Nc5 17. Bg5 h6 18. Bc1 Ne8 19. Bb2 f6 20. Nd5 cxd5 21.
exd5 a5 22. dxe6 Nxe6 23. Rxe6 Qf8 24. Bd5 1-0

[Event "38th Nezhmetdinov Mem"]
[Site "Kazan RUS"]
[Date "2016.06.01"]
[Round "2.47"]
[White "Chumak, Dmitrii"]
[Black "Khazieva, Elza"]
[Result "1-0"]
[BlackTitle "WFM"]
[WhiteElo "1826"]
[BlackElo "2147"]
[WhiteFideId "34106658"]
[BlackFideId "4100166"]
[EventDate "2016.05.31"]

1. e4 c5 2. Nf3 e6 3. d4 cxd4 4. Nxd4 a6 5. Bd3 Bc5 6. c3 Nc6 7. Nxc6 bxc6 8.
O-O d5 9. e5 Ne7 10. Bg5 Qc7 11. Qe2 Ng6 12. Bxg6 hxg6 13. h3 a5 14. Re1 Rh5 15.
h4 Ba6 16. Qf3 Be7 17. Bxe7 Kxe7 18. g3 Rxe5 19. Nd2 Rb8 20. b3 Rh8 21. Qg4 c5
22. Nf3 Rxe1+ 23. Rxe1 Bd3 24. Ne5 Ba6 25. Nxg6+ fxg6 26. Qxe6+ Kd8 27. Qxa6 Rh5
28. Qa8+ 1-0

[Event "38th Nezhmetdinov Mem"]
[Site "Kazan RUS"]
[Date "2016.06.01"]
[Round "2.48"]
[White "Emelianov, Fedor"]
[Black "Shafigullina, Zarina"]
[Result "1-0"]
[WhiteElo "2134"]
[BlackElo "1901"]
[WhiteFideId "24140228"]
[BlackFideId "24174220"]
[EventDate "2016.05.31"]

1. d4 Nf6 2. c4 e6 3. Nf3 b6 4. g3 Ba6 5. b3 Bb4+ 6. Bd2 Be7 7. Bg2 c6 8. Bc3 d5
9. Ne5 Nfd7 10. Nxd7 Nxd7 11. Nd2 O-O 12. O-O Rc8 13. e4 b5 14. Re1 dxc4 15.
bxc4 bxc4 16. Qa4 Bb5 17. Qc2 Re8 18. a4 Ba6 19. Rad1 Bf8 20. Nf1 Qb6 21. Rb1
Qc7 22. Ne3 c5 23. d5 exd5 24. Nxd5 Qd6 25. f4 Nb6 26. e5 Qh6 27. Ne3 Na8 28.
Red1 Rcd8 29. Nf5 Qe6 30. Be4 Nc7 31. Ba5 Rxd1+ 32. Rxd1 Qc8 33. Nd6 Bxd6 34.
Bxh7+ Kh8 35. exd6 Qe6 36. dxc7 Qe3+ 37. Qf2 Kxh7 38. Qxe3 Rxe3 39. Rd5 Ra3 40.
Rh5+ Kg8 41. Rxc5 Ra1+ 42. Kf2 Rxa4 43. c8=Q+ Bxc8 44. Rxc8+ Kh7 45. Bc3 a5 46.
Rc5 Ra2+ 47. Ke3 Rxh2 48. Rxc4 Rc2 49. Rc5 a4 50. Kd3 Rg2 51. Rh5+ Kg8 52. Rg5
g6 53. Kc4 a3 54. Kb3 a2 55. Bb2 Kh7 56. Kxa2 f5 57. Kb3 Rg1 58. Bd4 Rf1 59. Kc4
Rc1+ 60. Kd5 1-0

[Event "38th Nezhmetdinov Mem"]
[Site "Kazan RUS"]
[Date "2016.06.01"]
[Round "2.49"]
[White "Shkalikova, Marina"]
[Black "Andreev, Viktor"]
[Result "0-1"]
[BlackTitle "FM"]
[WhiteElo "1823"]
[BlackElo "2128"]
[WhiteFideId "34111333"]
[BlackFideId "4133277"]
[EventDate "2016.05.31"]

1. e4 e5 2. Nf3 Nc6 3. Bc4 Be7 4. O-O Nf6 5. d3 d6 6. Re1 Bg4 7. c3 Bh5 8. Nbd2
a6 9. Bb3 O-O 10. Nf1 Nd7 11. Ng3 Bg4 12. h3 Be6 13. Bc2 Bf6 14. d4 d5 15. Nxe5
Ndxe5 16. dxe5 Bxe5 17. f4 Bd6 18. Be3 Qh4 19. Qf3 dxe4 20. Bxe4 Ne7 21. Ne2 c6
22. Bf2 Qh6 23. f5 Bd5 24. Bxd5 Nxd5 25. c4 Nf4 26. Nxf4 Qxf4 27. Qxf4 Bxf4 28.
Re4 Bg5 29. Bb6 Bf6 30. Bd4 Rae8 31. Rf4 Bg5 32. Rf3 Re4 33. Bc5 Rd8 34. b3 Bf6
35. Raf1 Bd4+ 36. Bxd4 Rdxd4 37. R3f2 f6 38. Rc2 h5 39. Rff2 Kf7 40. g3 Re3 41.
Kh2 Rdd3 42. Rg2 h4 43. gxh4 Rxh3+ 44. Kg1 Rxh4 0-1

[Event "38th Nezhmetdinov Mem"]
[Site "Kazan RUS"]
[Date "2016.06.01"]
[Round "2.50"]
[White "Murzin, Lenar"]
[Black "Dolgaeva, Evgenia"]
[Result "1-0"]
[WhiteTitle "IM"]
[WhiteElo "2104"]
[BlackElo "1879"]
[WhiteFideId "4116461"]
[BlackFideId "24174564"]
[EventDate "2016.05.31"]

1. d4 Nf6 2. Nf3 g6 3. c4 Bg7 4. Nc3 O-O 5. e4 d6 6. Be2 Nbd7 7. O-O e5 8. Re1
Re8 9. Bf1 Nh5 10. g3 exd4 11. Nxd4 Ne5 12. h3 h6 13. Be3 Nf6 14. f4 Ned7 15.
Bg2 Nc5 16. Qc2 a5 17. Rad1 Bd7 18. Kh2 Qc8 19. Ndb5 Na6 20. a3 Be6 21. b3 Nh7
22. Qd2 Bd7 23. Bd4 Bxd4 24. Qxd4 Nc5 25. b4 Ne6 26. Qd2 Nef8 27. bxa5 Nf6 28.
e5 dxe5 29. fxe5 Nh5 30. Qxh6 Bxb5 31. cxb5 Qf5 32. Nd5 Rxe5 33. Ne7+ Rxe7 34.
Rxe7 Qxb5 35. Rf1 f5 36. Rfe1 Rd8 37. Rxc7 Qb3 38. Re3 Rd3 39. Re8 Qxa3 40.
Qxg6+ 1-0

[Event "38th Nezhmetdinov Mem"]
[Site "Kazan RUS"]
[Date "2016.06.01"]
[Round "2.51"]
[White "Kovaleva, Ekaterina"]
[Black "Mukhutdinov, Tigran"]
[Result "0-1"]
[WhiteElo "1786"]
[BlackElo "2098"]
[WhiteFideId "34128252"]
[BlackFideId "34108570"]
[EventDate "2016.05.31"]

1. e4 e5 2. Nf3 Nc6 3. Bc4 g6 4. d4 exd4 5. Nxd4 Bg7 6. Nxc6 bxc6 7. O-O Ne7 8.
Qf3 O-O 9. Nc3 d6 10. Rd1 Be6 11. Qd3 Nc8 12. f4 Nb6 13. Bb3 Qe7 14. f5 Bc8 15.
Bf4 Kh8 16. Rf1 a5 17. Na4 Ba6 18. c4 Bxc4 19. Bxc4 Nxa4 20. Qc2 Nc5 21. Rae1
Nd7 22. Bb3 c5 23. Qd2 a4 24. Bd5 Rab8 25. b3 axb3 26. axb3 Qf6 27. Be3 Qb2 28.
Re2 Qxd2 29. Rxd2 Bc3 30. Ra2 Nb6 31. Bc6 Nc8 32. fxg6 hxg6 33. Bd5 Kg7 34. Raf2
f6 35. Ra2 Ne7 36. Be6 Ra8 37. Rff2 Rfb8 38. Rfc2 Be5 39. g3 c6 40. Kg2 Nc8 41.
Kf3 Na7 42. Ke2 Nb5 43. Rxa8 Rxa8 44. Bd7 Ra6 45. Kd3 Kf7 46. Kd2 Ke7 47. Bc8
Ra3 48. b4 Bc3+ 49. Ke2 cxb4 50. Bc1 Nd4+ 0-1

[Event "38th Nezhmetdinov Mem"]
[Site "Kazan RUS"]
[Date "2016.06.01"]
[Round "2.52"]
[White "Gilyazitdinov, Nikita"]
[Black "Spiridonova, Yana"]
[Result "1/2-1/2"]
[WhiteElo "2065"]
[BlackElo "1824"]
[WhiteFideId "4184106"]
[BlackFideId "24174262"]
[EventDate "2016.05.31"]

1. Nf3 Nf6 2. g3 g6 3. Bg2 Bg7 4. O-O O-O 5. c4 e6 6. d4 d5 7. Qc2 b6 8. Bf4 Bb7
9. Nbd2 Nbd7 10. Rac1 c5 11. dxc5 Nxc5 12. b4 Nce4 13. Nxe4 Nxe4 14. cxd5 Bxd5
15. Ne5 Rc8 16. Qd3 Nf6 17. e4 Bb7 18. Rxc8 Qxc8 19. Rc1 Qa8 20. f3 Rc8 21. Rd1
Bf8 22. Bg5 Bg7 23. Bh3 Re8 24. Nd7 Nxd7 25. Qxd7 Bc6 26. Qd6 Ba4 27. Rc1 Rc8
28. Bf1 Rxc1 29. Bxc1 Qc8 30. Be3 Bf8 31. Qd2 Qd7 32. Qxd7 Bxd7 33. b5 f6 34.
Bc4 Bd6 35. f4 Kf8 36. Bd4 e5 37. Be3 Ke7 38. Kf2 exf4 39. gxf4 Bc5 40. Kf3 Kd6
41. Bd2 Ba3 42. Be3 Bc5 43. Bd2 Ba3 1/2-1/2

[Event "38th Nezhmetdinov Mem"]
[Site "Kazan RUS"]
[Date "2016.06.01"]
[Round "2.53"]
[White "Markelova, Lubov"]
[Black "Danilova, Rada"]
[Result "1-0"]
[WhiteTitle "WFM"]
[WhiteElo "2059"]
[BlackElo "1808"]
[WhiteFideId "24131369"]
[BlackFideId "34156760"]
[EventDate "2016.05.31"]

1. Nf3 Nf6 2. c4 b6 3. g3 Bb7 4. Bg2 c5 5. O-O e6 6. Nc3 d5 7. cxd5 Nxd5 8. Nxd5
Qxd5 9. d4 cxd4 10. Qxd4 Qxd4 11. Nxd4 Bxg2 12. Kxg2 Bc5 13. Nb5 Na6 14. a3 Be7
15. b4 Bf6 16. Ra2 O-O 17. Rd2 Rfc8 18. Rd7 Rc2 19. e4 Nb8 20. Rxa7 Rxa7 21.
Nxa7 Nd7 22. Be3 Ne5 23. Rc1 Rxc1 24. Bxc1 Nd3 25. Be3 Bb2 26. Nb5 Ne1+ 27. Kf1
Nc2 28. a4 Nxb4 29. Bxb6 Na6 30. Nc7 Bd4 31. Nxa6 Bxb6 32. Nb8 f5 33. exf5 Kf7
34. Nc6 1-0

[Event "38th Nezhmetdinov Mem"]
[Site "Kazan RUS"]
[Date "2016.06.01"]
[Round "2.54"]
[White "Khafizov, Emir"]
[Black "Ioffe, Dmitry"]
[Result "1/2-1/2"]
[WhiteElo "1684"]
[BlackElo "2058"]
[WhiteFideId "34150355"]
[BlackFideId "4185617"]
[EventDate "2016.05.31"]

1. e4 e5 2. Nf3 Nc6 3. d4 exd4 4. Nxd4 Bc5 5. Be3 Qf6 6. c3 Nge7 7. Nc2 Bb6 8.
Be2 O-O 9. O-O d6 10. Nd2 Ng6 11. Bb5 Nce5 12. a4 Bg4 13. f3 Be6 14. a5 Bc5 15.
Be2 Nf4 16. b4 Qg5 17. g4 Bxe3+ 18. Nxe3 Nh3+ 19. Kg2 Qxe3 20. Kxh3 Bxg4+ 21.
Kg2 Be6 22. Rc1 d5 23. Re1 Rad8 24. Qc2 Ng6 25. Kh1 Qf2 26. Bf1 dxe4 27. Re2 Qh4
28. Nxe4 Bd5 29. Rce1 Ne5 30. Bg2 Bc4 31. Re3 Nd3 32. Rd1 Nf4 33. Rg1 f5 34. Ng3
Qf6 35. Bf1 Bxf1 36. Rxf1 Kh8 37. Rfe1 Nd5 38. Rd3 g6 39. Red1 Nf4 40. R3d2 Qc6
41. Rf1 Qc4 42. Rfd1 Qc6 43. Rf1 Qc4 1/2-1/2

[Event "38th Nezhmetdinov Mem"]
[Site "Kazan RUS"]
[Date "2016.06.01"]
[Round "2.55"]
[White "Kalabukhov, Bogdan"]
[Black "Gavrilin, Roman"]
[Result "1-0"]
[WhiteElo "2056"]
[BlackElo "1753"]
[WhiteFideId "34102865"]
[BlackFideId "54104564"]
[EventDate "2016.05.31"]

1. e4 c5 2. Nf3 d6 3. d4 cxd4 4. Qxd4 Nc6 5. Bb5 Bd7 6. Bxc6 Bxc6 7. c4 Nf6 8.
Nc3 g6 9. O-O Bg7 10. Be3 O-O 11. Qd3 Ng4 12. Bd4 Ne5 13. Bxe5 Bxe5 14. Nxe5
dxe5 15. Qe2 Qc7 16. Rad1 Rfd8 17. Qe3 a6 18. f3 Rxd1 19. Rxd1 Rd8 20. Kf2 Rxd1
21. Nxd1 Qd6 22. Ke2 Kg7 23. Qd3 Qc5 24. Ne3 b5 25. Kf2 bxc4 26. Qxc4 Qb6 27. b4
e6 28. Qc5 Qb5 29. Ng4 Qxc5+ 30. bxc5 f6 31. Ke3 h5 32. Nf2 Kf7 33. Kd3 Ke7 34.
Kc4 Bb5+ 35. Kb4 Kd7 36. Nd1 Kc6 37. a4 Be2 38. Nc3 Bd3 39. a5 Bf1 40. g3 Bg2
41. f4 exf4 42. gxf4 g5 43. e5 fxe5 44. fxg5 Bh3 45. g6 Bf5 46. g7 Bh7 47. Ne4
Bg8 48. Nf6 Bf7 49. Nxh5 e4 50. Nf6 e3 51. Kc3 Kxc5 52. g8=Q Bxg8 53. Nxg8 Kd5
54. Kd3 Ke5 55. Kxe3 1-0

[Event "38th Nezhmetdinov Mem"]
[Site "Kazan RUS"]
[Date "2016.06.01"]
[Round "2.56"]
[White "Taipov, Ilmir"]
[Black "Elkin, Leonid"]
[Result "0-1"]
[WhiteElo "1673"]
[BlackElo "2055"]
[WhiteFideId "34182893"]
[BlackFideId "13501240"]
[EventDate "2016.05.31"]

1. e4 c5 2. c4 Nc6 3. Nf3 Nd4 4. Be2 g6 5. Nc3 Bg7 6. O-O e6 7. d3 Ne7 8. Nxd4
cxd4 9. Nb5 d6 10. Qa4 O-O 11. Qb4 d5 12. exd5 exd5 13. c5 Nc6 14. Qd2 Be5 15.
Bf3 a6 16. Na3 Be6 17. Qg5 Qa5 18. Bf4 f6 19. Qh6 Qxc5 20. Bxe5 fxe5 21. Qg5 Qb4
22. Rab1 Rf5 23. Qg3 Rf4 24. Rfe1 Raf8 25. Re2 Qe7 26. Rf1 R8f5 27. Bg4 Rf6 28.
h3 Bxg4 29. hxg4 e4 30. Rfe1 Qe6 31. dxe4 dxe4 32. Qb3 Qxb3 33. axb3 d3 34. Rd2
Rxg4 35. Nc4 Nd4 36. Kf1 Nxb3 37. Rdd1 Rgf4 38. Kg1 Rxf2 39. Rxe4 Re2 40. Rxe2
dxe2 41. Re1 Nd4 42. Ne5 Re6 43. Nd3 Nc2 0-1

[Event "38th Nezhmetdinov Mem"]
[Site "Kazan RUS"]
[Date "2016.06.01"]
[Round "2.57"]
[White "Kolbyshev, Sergei"]
[Black "Shevtsov, Mikhail"]
[Result "1-0"]
[WhiteElo "2054"]
[BlackElo "1728"]
[WhiteFideId "34107646"]
[BlackFideId "54106931"]
[EventDate "2016.05.31"]

1. d4 d5 2. Nf3 Nf6 3. c4 c6 4. Nc3 dxc4 5. a4 Bg4 6. e3 Nbd7 7. Bxc4 e6 8. O-O
Be7 9. Qe2 O-O 10. Rd1 Qa5 11. e4 b5 12. axb5 Qxa1 13. Ba2 cxb5 14. Bg5 Bxf3 15.
gxf3 Qxd1+ 16. Nxd1 Rab8 17. f4 h6 18. Bh4 Rfc8 19. e5 Nd5 20. Bxd5 Bxh4 21. Bb3
Rb6 22. Qg4 Bd8 23. f5 Nf8 24. f6 g6 25. h4 Kh7 26. Qf4 h5 27. Nc3 Bc7 28. Ne4
Bb8 29. Ng5+ Kg8 30. Bd1 Rc4 31. Be2 Rc2 32. Bd3 Rc7 33. Nf3 Kh7 34. Qg5 Rbb7
35. Qxh5+ 1-0

[Event "38th Nezhmetdinov Mem"]
[Site "Kazan RUS"]
[Date "2016.06.01"]
[Round "2.58"]
[White "Zharkov, Nikolay"]
[Black "Murtazin, Ruslan"]
[Result "1-0"]
[WhiteElo "1629"]
[BlackElo "2050"]
[WhiteFideId "54193648"]
[BlackFideId "24175960"]
[EventDate "2016.05.31"]

1. Nf3 Nf6 2. g3 g6 3. Bg2 Bg7 4. O-O O-O 5. d3 c5 6. e4 d6 7. c3 Nc6 8. Nbd2
Rb8 9. d4 cxd4 10. cxd4 Bg4 11. Qe1 Nb4 12. Qd1 Rc8 13. Qa4 Qb6 14. a3 Nc2 15.
Rb1 Bxf3 16. Nxf3 Nxe4 17. d5 f5 18. Bf4 Rc7 19. Nd2 Rfc8 20. Nxe4 Rc4 21. Qd7
fxe4 22. Qxe7 Nd4 23. Qxe4 Bf6 24. Kh1 Kg7 25. Qe3 Nf5 26. Qxb6 axb6 27. Rfc1 g5
28. Bd2 Nd4 29. Bc3 Kf7 30. Re1 Be5 31. Bh3 R8c7 32. Re3 h5 33. f4 gxf4 34. gxf4
Bf6 35. Be6+ Nxe6 36. dxe6+ Ke7 37. Bxf6+ Kxf6 38. Rf1 Re7 39. f5 Rc5 40. Ref3
Rg7 41. Rg3 Rxg3 42. hxg3 d5 43. Rf4 Rc2 44. Rd4 Kxf5 45. Rxd5+ Kxe6 46. Rb5 Kf6
47. Rxb6+ Kg5 48. Rxb7 Kg4 49. Rb3 Kh3 50. Kg1 Rc4 51. Kf2 Rg4 52. Re3 Rc4 53.
b4 Rc2+ 54. Kf3 Rb2 55. Kf4 Rd2 56. g4+ Kh4 57. gxh5 Kxh5 58. Ke4 1-0

[Event "38th Nezhmetdinov Mem"]
[Site "Kazan RUS"]
[Date "2016.06.01"]
[Round "2.59"]
[White "Garafutdinov, Ainur"]
[Black "Bogatov, Bogdan"]
[Result "1-0"]
[WhiteElo "2044"]
[BlackElo "1680"]
[WhiteFideId "24175498"]
[BlackFideId "34110612"]
[EventDate "2016.05.31"]

1. e4 c5 2. d3 Nc6 3. g3 e6 4. Bg2 g6 5. c3 Bg7 6. Be3 Qa5 7. Qd2 Nge7 8. Na3 d5
9. Ne2 d4 10. cxd4 Qxd2+ 11. Bxd2 cxd4 12. f4 f6 13. Nb5 Kf7 14. Nexd4 Nxd4 15.
Nxd4 Rd8 16. Bc3 e5 17. fxe5 fxe5 18. Nf3 Nc6 19. O-O-O Kg8 20. h3 b5 21. Bf1
Be6 22. Kb1 b4 23. Bd2 a5 24. Rc1 Rac8 25. Be2 Na7 26. g4 Nb5 27. Be3 a4 28. Ng5
Bd7 29. d4 exd4 30. Bd2 h6 31. Nf3 Be8 32. Bxb4 Rxc1+ 33. Rxc1 d3 34. Rd1 Bc6
35. Ne1 Rd4 36. Nxd3 Bxe4 37. a3 Rc4 38. Rc1 Rxc1+ 39. Kxc1 Nd4 40. Bf1 Nb3+ 41.
Kd1 g5 42. Bc3 Bxc3 43. bxc3 Kf7 44. Nf2 Bf3+ 45. Be2 Bd5 46. Kc2 Kf6 47. Bb5
Nc5 48. Kd2 Ke5 49. Ke3 Ne4 50. Nxe4 Bxe4 51. Bxa4 Bg2 52. Bb5 Bxh3 53. Kf3 h5
54. gxh5 Bc8 55. h6 g4+ 56. Kg3 Kf6 57. h7 Kg7 58. Bd3 1-0

[Event "38th Nezhmetdinov Mem"]
[Site "Kazan RUS"]
[Date "2016.06.01"]
[Round "2.60"]
[White "Safin, Robert"]
[Black "Sinyanskiy, Maxim"]
[Result "0-1"]
[WhiteElo "1581"]
[BlackElo "2042"]
[WhiteFideId "34189120"]
[BlackFideId "4178068"]
[EventDate "2016.05.31"]

1. d4 Nf6 2. c4 e6 3. g3 c5 4. Nf3 cxd4 5. Nxd4 Nc6 6. Bg2 Bc5 7. Nxc6 bxc6 8.
O-O d5 9. cxd5 cxd5 10. e4 Nxe4 11. Bxe4 dxe4 12. Qxd8+ Kxd8 13. Nc3 Bb7 14. Be3
Bxe3 15. fxe3 Ke7 16. Rac1 Rac8 17. Rf2 f5 18. Rfc2 Ba6 19. Kf2 g5 20. b4 h5 21.
b5 Bb7 22. a4 Rc4 23. a5 Rhc8 24. Ke2 e5 25. Kd2 f4 26. a6 Ba8 27. Na2 Rxc2+ 28.
Rxc2 Rxc2+ 29. Kxc2 fxg3 30. hxg3 h4 31. gxh4 gxh4 32. Nc3 h3 33. Ne2 h2 34. Ng3
Kf6 35. Kd2 Kg5 36. Ke2 Kg4 37. Kf2 Kh3 38. Nh1 Bd5 39. Ng3 Bc4 40. b6 axb6 41.
a7 Bd5 42. Nh1 b5 43. Ke2 Kg2 44. Nf2 b4 45. Ke1 b3 0-1

[Event "38th Nezhmetdinov Mem"]
[Site "Kazan RUS"]
[Date "2016.06.01"]
[Round "2.61"]
[White "Terentev, Mikhail"]
[Black "Grekhov, Luka"]
[Result "1-0"]
[WhiteElo "2024"]
[BlackElo "1639"]
[WhiteFideId "24183814"]
[BlackFideId "44129637"]
[EventDate "2016.05.31"]

1. e4 c5 2. Nf3 e6 3. d4 cxd4 4. Nxd4 Nf6 5. Bd3 Nc6 6. Nxc6 bxc6 7. c4 d5 8.
cxd5 cxd5 9. e5 Nd7 10. Bf4 Bb4+ 11. Kf1 Qb6 12. Nc3 Qd4 13. Ne2 Qxb2 14. h4 O-O
15. Rh3 Be7 16. Bxh7+ Kxh7 17. Rb3 Qxb3 18. axb3 Bxh4 19. Nd4 g6 20. Qg4 Kg7 21.
Ke2 Bd8 22. Nc6 Bb6 23. Bg5 Bb7 24. Qh4 1-0